| 000 | 00512 a2200169 4500 | ||
|---|---|---|---|
| 003 | OSt | ||
| 005 | 20240823105645.0 | ||
| 008 | 231018b |||||||| |||| 00| 0 eng d | ||
| 020 | _a9789352880997 | ||
| 040 | _coclc | ||
| 082 |
_a492.7 _bWAF/I |
||
| 100 |
_aWafy,mohammed shafi _910478 |
||
| 245 |
_aIDIOMS AND PHRASES IN ARABIC AND ENGLISH NEWSPAPERS / _cDr. Mohammed Shafi Wafy |
||
| 260 |
_aMalappuram: _bWafy books, |
||
| 300 | _a223p | ||
| 942 |
_2ddc _cBK _h492.7 _iWAF/I _k492.7 _mWAF/I |
||
| 999 |
_c42688 _d42688 |
||